Social Context and Fluency in L2 Learners : (Record no. 611285)

MARC details
000 -LEADER
fixed length control field 00550nam a2200193 a 4500
008 - FIXED-LENGTH DATA ELEMENTS--GENERAL INFORMATION
fixed length control field 260210s2007##################000#0#eng##
020 ## - INTERNATIONAL STANDARD BOOK NUMBER
ISBN 9781853599941
082 04 - DEWEY DECIMAL CLASSIFICATION NUMBER
Classification number 306.4409429
Item number NEW
100 1# - MAIN ENTRY--AUTHOR NAME
Personal name Newcombe, Lynda Pritchard,
245 10 - TITLE STATEMENT
Title Social Context and Fluency in L2 Learners :
260 ## - PUBLICATION, DISTRIBUTION, ETC. (IMPRINT)
Name of publisher Multilingual Matters,
Year of publication 2007.
300 ## - PHYSICAL DESCRIPTION
Number of Pages 154 pages
650 #0 - SUBJECT ADDED ENTRY--TOPICAL TERM
Topical Term Language Arts & Disciplines.
942 ## - ADDED ENTRY ELEMENTS (KOHA)
Koha item type English Books
Holdings
Withdrawn status Lost status Damaged status Not for loan Home library Current library Shelving location Date acquired Full call number Accession Number Price effective from Koha item type
        Anna Centenary Library Anna Centenary Library 3RD FLOOR, B WING 10.02.2026 306.4409429 NEW 333668 10.02.2026 English Books

Find us on the map